000 00516nam a2200181Ia 4500
005 20250423095653.0
008 250422s9999 xx 000 0 und d
020 _a9781416043904
050 _aRC 961 .H84/
245 0 _aHunter's tropical medicine and emerging infectious diseases
250 _a9th ed.
260 _aLondon ; New York
260 _bSaunders/Elsevier
260 _c2013
300 _a1190 p
650 _aTropical Medicine. Tropical medicine. Emerging infectious diseases.
942 _cBK
999 _c30978
_d30978